American cinema/American culture /
Bewaard in:
| Hoofdauteur: | |
|---|---|
| Formaat: | Sách giấy |
| Gepubliceerd in: |
New York :
McGraw-Hill,
1994.
|
| Onderwerpen: | |
| Online toegang: | Table of contents Publisher description |
| Tags: |
Voeg label toe
Geen labels, Wees de eerste die dit record labelt!
|
| Thư viện lưu trữ: | Thư viện Trường Đại học Đà Lạt |
|---|
| LEADER | 01321nam a2200397 4500 | ||
|---|---|---|---|
| 001 | DLU050047852 | ||
| 005 | ##20050613 | ||
| 008 | ##930610s1994 nyua bq 001 0 eng | ||
| 010 | # | # | |a 93025846 |
| 020 | # | # | |a 007004466X (alk. paper) |
| 035 | # | # | |9 (DLC) 93025846 |
| 040 | # | # | |a DLC |c DLC |d DLC |
| 043 | # | # | |a n-us--- |
| 050 | # | # | |a PN1993.5.U6 |b B365 1994 |
| 082 | # | # | |a 791.43 |b BE-J |
| 100 | # | # | |a Belton, John. |
| 245 | # | # | |a American cinema/American culture / |c John Belton |
| 260 | # | # | |a New York : |b McGraw-Hill, |c 1994. |
| 300 | # | # | |a xxv, 374 p. : |b ill. ; |c 24 cm. |
| 504 | # | # | |a Includes bibliographical references, filmographies, and index. |
| 650 | # | # | |a Motion picture industry |z United States |x History. |
| 650 | # | # | |a Motion pictures |x Social aspects |z United States. |
| 650 | # | # | |a Motion pictures |z United States |x History. |
| 650 | # | # | |a Popular culture |z United States |x History |y 20th century. |
| 856 | # | # | |3 Table of contents |u http://www.loc.gov/catdir/toc/mh022/93025846.html |
| 856 | # | # | |3 Publisher description |u http://www.loc.gov/catdir/description/mh022/93025846.html |
| 923 | # | # | |a 18/2005 |
| 992 | # | # | |a 12000 |
| 994 | # | # | |a DLU |
| 900 | # | # | |a True |
| 911 | # | # | |a Nguyễn Thị Tố Hạnh |
| 925 | # | # | |a G |
| 926 | # | # | |a A |
| 927 | # | # | |a SH |
| 980 | # | # | |a Thư viện Trường Đại học Đà Lạt |


